00858nam a22002417a 450000500170000001000130001702000230003003500130005303700160006604000120008208200170009410000240011124500740013525000120020926000420022127000510026330000300031465000540034465000450039894200260044399900190046995201280048820170124110018.0 aB-064934 c450.00a8175880708 aB-064934 bCen Lib/Ret aDPLbEN a343.056bJAI aJain, R. K.9113175 aCentral excise law manual (with service tax) 2000-01 /cby R. K. Jain a27th ed aNew Delhi bCentax Publicationsc2000 bNew Delhi a1512-B, Bishm Pitamah Marge110003 avarious pagingsc23cm(Hb) aExcise tax -- Law and legislation -- India914672 aExcise tax -- Law and legislation919117 2ddccENh343.056mJAI c127008d127008 00104070aLbLd2015-06-27eCen Lib/Retg450.00l0o343.056 JAIpB-064934r2015-06-27 00:00:00t1v450.00w2016-09-15yEN